000 00550nam a2200217 a 4500
001 0001-2230
003 ELIB.Books
008 190806 2010 eng
020 _aKBTS
092 _a253.5
_bEva
100 _aEvans, Gail.
245 _aCounseling Skills for Dummies
260 _aChichester
_bJohn Wiley & Sons
_c2013
300 _a330
_c24 Cm
650 _aCare & Counseling
856 _nKBTS Library
_uKBTS Elib
942 _2ddc
_cBK
990 _a1
998 _aEnglishbooks.elf
_ccat
_e2019-08-06
999 _c12230
_d12230